Obrázková knižka [a iné]

Bibliographic Details
Main Author: Maković, Zvonko (Author)
Other Authors: Chmel, Karol, 1953- (Translator)
Format: Article
Language:Slovak
Subjects:

MARC

LEADER 00000nab a2200000 a 4500
001 vtls000567789
003 SK-MaSNL
005 20260303013314.0
008 140403c1995 xo 0 slo
015 |a SNBRB19rr/mm-uuuuu 
035 |a CL0567927 
040 |a SNKBUCL  |b slo  |c SNKBUCL  |e AACR2 
041 0 |a slo 
044 |a xo  |c SK 
080 |a 886.2-1  |2 1981 
100 1 |a Maković, Zvonko  |4 aut  |9 993900 
245 1 0 |a Obrázková knižka [a iné]  |c Zvonko Maković ; Prekl. Karol Chmel 
500 |a Ďalšie básne: Beduíni. Hyperborejci. Montaigne kresadlom zapálil... [inc.]. Predstavil si... [inc.]. Pravda. Stopa anjelov. Prach 
500 |a Inform. o aut. na s. 164 
650 0 7 |a básne reflexívne  |2 snkbucl  |9 898242 
655 7 |a články z novín a časopisov  |2 snkbucl  |9 267496 
655 7 |a články z odboru literárna veda a krásna literatúra  |2 snkbucl  |9 770045 
700 1 |a Chmel, Karol,  |d 1953-  |4 trl  |9 105159 
773 0 |t Fragment  |g Roč. 9, č. 4 (1995), s. 133-141 
850 |a Slovenská národná knižnica v Martine  |a MTA001 
852 |a SNK  |b KIS3GCP 
958 |a RK 
958 |a LX 
958 |a HR 
992 |a RBX 
999 |c 1601849  |d 1603779